Eu, a casa, os bichos e outras coisas (Registo nº 1397)
[ vista simples ]
| 000 -Etiqueta do registo | |
|---|---|
| Cabeçalho | 00994nam a2200337 4500 |
| 005 - Identificador da versão | |
| Campo de controlo | 20240813121835.0 |
| 010 ## - Número internacional normalizado dos livros (ISBN) | |
| Número (ISBN) | 9789726999102 |
| 021 ## - Número do Depósito Legal | |
| Código do país | PT |
| Número | 285909/08 |
| 035 ## - Other System Control Numbers | |
| System Control Number | (bn)1784197 |
| System Control Number | 2436808 |
| 003 - Persistent Record Identifier | |
| control field | http://catalogo.bnportugal.pt/ipac20/ipac.jsp?profile=bn&uri=full=3100024~!1784197~!0 |
| 100 ## - Dados gerais de processamento | |
| Dados gerais de processamento | 20110708d2008 d y0pory5003 ba |
| 102 ## - Pais de publicação ou produção | |
| País de publicação | Portugal |
| 101 0# - Língua de publicação | |
| Língua do texto, banda sonora, etc. | Português |
| 106 ## - Campo de dados codificados: material textual | |
| Dados codificados do material textual | r |
| 105 ## - Campo de dados codificados: livros | |
| Dados codificados dos livros | a z 000gy |
| 215 ## - Descrição física | |
| Indicação específica da natureza do documento e extensão da espécie | 51, [1] p. |
| Outras indicações físicas | muito il. |
| Dimensões | 29 cm |
| 200 1# - Titulo e menção de responsabilidade | |
| Título próprio | Eu, a casa, os bichos e outras coisas |
| Primeira menção de responsabilidade | Hugo Santos |
| Outras menções de responsabilidade | il. Raquel Pinheiro |
| 225 2# - Colecção | |
| Título próprio da colecção | Lendas e contos |
| 205 ## - Menção da edição | |
| Menção da edição | 1ª ed |
| 210 ## - Publicação, Distribuição, etc. | |
| Lugar da edição, distribuição, etc. | Lisboa |
| Nome do editor, distribuidor, etc. | Nova Vega |
| Data da publicação, distribuição, etc. | 2008 |
| 675 ## - Classificação Decimal Universal (CDU) | |
| Notação | 087.5 |
| Edição | BN |
| Língua da edição | por |
| Notação | 821.134.3-93"19/20" |
| Edição | BN |
| Língua da edição | por |
| Notação | 821.134.3-1"19/20" |
| Edição | BN |
| Língua da edição | por |
| 702 #1 - Nome de autor-pessoa física (responsabilidade secundária) | |
| Número de registo de entrada de autoridade | 0001984 |
| Palavra de ordem | Pinheiro |
| Outra parte do nome não tomada para palavra de ordem | Raquel |
| Datas | 1976- |
| Código de função | Ilustrador / Técnico de desenho computorizado |
| 700 #1 - Nome de autor-pessoa física (responsabilidade principal) | |
| Número de registo de entrada de autoridade | 0001983 |
| Palavra de ordem | Santos |
| Outra parte do nome não tomada para palavra de ordem | Hugo |
| 966 ## - Identificação da Biblioteca | |
| Sigla | NUMETECA |
| 942 ## - Elementos de entrada adicionados (Koha) | |
| Tipo de item no Koha | Livro |
| Situação do levantamento | Origin of item (home branch) (coded) | Biblioteca de empréstimo | Código de barras | Cota | Circulation type (not for loan) | Tipo de documento | Nota do exemplar | Damaged status |
|---|---|---|---|---|---|---|---|---|
| Biblioteca Escolar Eng. Nuno Mergulhão | Biblioteca Escolar Eng. Nuno Mergulhão | BENM3460 | 2008 | 8LP-3 SANT | Livro | Sem mensagem |
